000 00440nam a2200145Ia 4500
008 231129s2001||||xx |||||||||||||| ||spa||
020 _a958-664-099-X
040 _bspa
082 _a331.125 S471e
100 _aSeminario "Empleo y Economí­a" (2001 Mar: Bogotá)
245 0 _aEmpleo y economí­a: memorias del seminario
260 _c2001
264 _aBanco de la República
942 _2ddc
_cBKS
999 _c12819
_d12819